000 00390nam a2200181Ia 4500
008 151202s9999||||xx |||||||||||||| ||und||
082 _bPNVM-1407
100 _a---
245 _aHOLY BIBLE.
260 _b"OXFORD UNIVERSITY PRESS, LONDON."
260 _c0
300 _a0
600 _a---
630 _aHOLY BIBLE.
700 _a---
730 _aHOLY BIBLE.
942 _cBOOK
999 _c1267405
_d1267402